| 000 | 00401nam a22001697a 4500 | ||
|---|---|---|---|
| 005 | 20180813114521.0 | ||
| 008 | 160617b xxu||||| |||| 00| 0 eng d | ||
| 020 | _a0-07-043433-6 | ||
| 041 | _aeng | ||
| 082 |
_b8028 _a658.8 |
||
| 100 |
_aPAREEK, UDAI _94778 |
||
| 245 | _aTraining Instruments in HRD and O.D. | ||
| 260 |
_bTMH _aDELHI |
||
| 300 | _a815p, | ||
| 650 |
_aManagement _9241 |
||
| 942 | _cBK | ||
| 999 |
_c2997 _d2996 |
||